| 000 | 00407nam a22001577a 4500 | ||
|---|---|---|---|
| 999 |
_c509589 _d509589 |
||
| 008 | 190515b ||||| |||| 00| 0 eng d | ||
| 100 |
_aKim, Seonghoon _95626 |
||
| 245 | _aPotential crime risk and housing market responses | ||
| 260 | _c2018 | ||
| 300 | _ap.1-17. | ||
| 650 |
_aCrime _95294 |
||
| 700 |
_aLee, Kwan Ok _95627 |
||
| 773 | _aJournal of Urban Economics | ||
| 906 | _aHousing | ||
| 942 | _cAR | ||